sadhusantancha devyanapanth (Record no. 1398361)
[ view plain ]
| 000 -LEADER | |
|---|---|
| fixed length control field | 00787nam a2200313Ia 4500 |
| 008 - FIXED-LENGTH DATA ELEMENTS--GENERAL INFORMATION | |
| fixed length control field | 160716s9999||||xx |||||||||||||| ||und|| |
| 040 ## - CATALOGING SOURCE | |
| Transcribing agency | marathi |
| 082 ## - DEWEY DECIMAL CLASSIFICATION NUMBER | |
| Classification number | ix/vaidya |
| 082 ## - DEWEY DECIMAL CLASSIFICATION NUMBER | |
| Item number | BORI-76385 |
| 100 ## - MAIN ENTRY--PERSONAL NAME | |
| Personal name | shreepad mahadev vaidya |
| 245 ## - TITLE STATEMENT | |
| Title | sadhusantancha devyanapanth |
| 245 ## - TITLE STATEMENT | |
| Remainder of title | sakchatkaryog |
| 250 ## - EDITION STATEMENT | |
| Remainder of edition statement | 3 |
| 260 ## - PUBLICATION, DISTRIBUTION, ETC. (IMPRINT) | |
| Place of publication, distribution, etc | bombay |
| 260 ## - PUBLICATION, DISTRIBUTION, ETC. (IMPRINT) | |
| Name of publisher, distributor, etc | shivram narayan kastur |
| 260 ## - PUBLICATION, DISTRIBUTION, ETC. (IMPRINT) | |
| Date of publication, distribution, etc | 1961 |
| 300 ## - PHYSICAL DESCRIPTION | |
| Extent | 15+118+6 |
| 300 ## - PHYSICAL DESCRIPTION | |
| Dimensions | a |
| 300 ## - PHYSICAL DESCRIPTION | |
| Accompanying material | hardbound |
| 530 ## - ADDITIONAL PHYSICAL FORM AVAILABLE NOTE | |
| Uniform Resource Identifier | <a href="00073844.pdf">00073844.pdf</a> |
| 563 ## - BINDING INFORMATION | |
| Binding note | study |
| 600 ## - SUBJECT ADDED ENTRY--PERSONAL NAME | |
| Personal name | shreepad mahadev vaidya |
| 630 ## - SUBJECT ADDED ENTRY--UNIFORM TITLE | |
| Uniform title | sadhusantancha devyanapanth |
| 650 ## - SUBJECT ADDED ENTRY--TOPICAL TERM | |
| Topical term or geographic name as entry element | "nyaya, yoga, tantra, vedanta" |
| 650 ## - SUBJECT ADDED ENTRY--TOPICAL TERM | |
| Topical term or geographic name as entry element | darshanas |
| 700 ## - ADDED ENTRY--PERSONAL NAME | |
| Personal name | shreepad mahadev vaidya |
| 730 ## - ADDED ENTRY--UNIFORM TITLE | |
| Uniform title | sadhusantancha devyanapanth |
| 942 ## - ADDED ENTRY ELEMENTS (KOHA) | |
| Koha item type | Book |
No items available.